| 000 | 00545nam a22001937a 4500 | ||
|---|---|---|---|
| 999 |
_c7764 _d7764 |
||
| 003 | OSt | ||
| 005 | 20220301143008.0 | ||
| 008 | 220301b ||||| |||| 00| 0 eng d | ||
| 020 | _a978198289647 | ||
| 040 | _cDDC | ||
| 082 | _a305.4WOM1995 | ||
| 100 |
_aMartha, Nussbaum : Jonathan, Glover _915829 |
||
| 245 |
_aWomen, Culture and development _b: a study of human capabilities |
||
| 260 |
_aNew york _b: Oxford University _c, 1995 |
||
| 300 |
_axi,481p. _c; 24 cm |
||
| 504 | _aIndex | ||
| 650 |
_aWomen development _915830 |
||
| 942 |
_2ddc _cBOOK |
||